1139 1473 1110 1875 1207 1594 1598 1543 1194 1857 1292 1901 1784 1285 1480 1520 1766 1904 1766 1267 1255 1253 1799 1268 1278 1821 1819 1667 1723 1869 1507 1823 1382 1148 1504 1120 1277 1613 1171 1069 1005 1018 1610 1427 1638 1535 1684 1417 1083 1214 1982 1347 1710 1334 1842 1329 1292 1672 1034 1235 1394 1818 1128 1143 1800 1800 1692 1038 1108 1282 1775 1797 1960 1970 1566 1666 1975 1037 1718 1315 1538 1297 1263 1632 1709 1320 1525 1551 1584 1477 1725 1110 1626 1804 1328 1861 1233 1097 1495 BCNSPRNW ULIB Ver.6.0+V

เปลี่ยนเป็นภาษาไทย

Change to English
 แสดงรายละเอียดบรรณานุกรม
  กลับหน้าหลัก

Brief Record : Get Marc (ISO 2709) : E-mail record : QR code < ปิดหน้าต่าง
LEADER : 00000nam 2200000uu 4500
001    13399122218
003     ULIB
008    130114s||||||||th 000 0 tha d
020    ^a9786169120506
060  4 ^aWQ240^bว511
245 00 ^aวิกฤตการณ์ทางสูติกรรมที่รุนแรง /^cเอกชัย โควาวิสารัช, ปัทมา พรหมสนธิ, บุญศรี จันทร์รัชชกูล บรรณาธิการ
250    ^aพิมพ์ครั้งแรก
260    ^aกรุงเทพฯ :^bทรี-ดี สแกน,^c2555
300    ^a256 หน้า :^bภาพประกอบ
505 0  ^a^tการบริหารความเสี่ยงเชิงระบบ - -^tRisk management of serious obstetric crisis - -^tการบริหารความเสี่ยงในงานการพยาบาล - -^tการดูแลภาวะหัวใจหยุดเต้นในหญิงตั้งครรภ์ - -^tการบาดเจ็บในสตรีตั้งครรภ์ - -^tUpdate : CRP and trauma in pregnancy - -^tภาวะคลอดติดไหล่ - -^tการดูแลครรภ์แฝดสองขณะเจ็บครรภ์คลอด - -^tการคลอดทารกที่มีส่วนน้ำเป็นก้น - -^tสายสะดือย้อย - -^tPeripartum collapse : amniotic fluid embolism - -^tภาวะตกเลือดหลังคลอด - -^tบทบาทพยาบาลกับการพยาบาลมารดาตั้งครรภ์ที่เกิดภาวะช็อค - -^tจริยธรรมในวิกฤตการณ์ทางสูติกรรมที่รุนแรง - -^tปัญหาจริยธรรมและกฎหมายในสถานการณ์วิกฤติจากการตั้งครรภ์ - -^tExpectant management of severe preeclampsia remote from term - -^tPrediction of pre-eclampsia - -^tบทบาทพยาบาลกับการพยาบาลมารดาที่มีภาวะชัก ภาวะครรภ์เป็นพิษที่รุนแรงขณะตั้งครรภ์ไม่ครบกำหนด - -^tFetal distress - -^tการค้นหาและการดูแลรักษาวิกฤตการณ์ทารกในครรภ์ : การอธิบายโดยสรุป
650  7 ^aภาวะฉุกเฉินทางสูติศาสตร์
650  7 ^aภาวะแทรกซ้อนขณะมีครรภ์
650  7 ^aสูติศาสตร์
700 0  ^aเอกชัย โควาวิสารัช,^eบรรณาธิการ
700 0  ^aปัทมา พรพรหมสินธิ,^eบรรณาธิการ
700 0  ^aบุญศรี จันทร์รัชชกูล,^eบรรณาธิการ
945    ^p390^l0^i19671
945    ^p390^l0^i19672
999    ^aใช้งานได้ทุกระบบ
รายการนี้ยังไม่มีแท็ก
คุณยังไม่ได้ล็อกอิน คุณสามารถมีกิจกรรมร่วมกับเว็บไซต์ได้ แต่ต้องล็อกอินก่อน ::
  ล็อกอิน

รายการสื่อสารสนเทศ

ลำดับที่ ประเภท เลขเรียก/บาร์โค้ด สถานที่ สถานะ
1. วิทยาศาสตร์การแพทย์ และสุขภาพ
วิทยาศาสตร์การแพทย์ และสุขภาพ
WQ240 ว511  
  Barcode: 19671
ห้องสมุดวิทยาเขตนครสวรรค์
►ส่วนจัดเก็บหนังสือเก่า นว.
บนชั้น
  ขอยืม
2. วิทยาศาสตร์การแพทย์ และสุขภาพ
วิทยาศาสตร์การแพทย์ และสุขภาพ
WQ240 ว511 ฉ.2 
  Barcode: 19672
ห้องสมุดวิทยาเขตนครสวรรค์
►ส่วนจัดเก็บหนังสือเก่า นว.
บนชั้น
  ขอยืม

รายการใกล้เคียง
    หัวเรื่อง [ภาวะฉุกเฉินทางสูติศาสตร์]
    หัวเรื่อง [ภาวะแทรกซ้อนขณะมีครรภ์]
    หัวเรื่อง [สูติศาสตร์]

BibComment


ยังไม่เคยถูกคอมเมนท์

คอมเมนท์ทรัพยากรรายการนี้
  คอมเมนท์: วิกฤตการณ์ทางสูต..


 Copyright 2026. Bcnsprnw @Library